| 000 | 01137cam a2200253 4500 | ||
|---|---|---|---|
| 001 | J122817 | ||
| 008 | 030630n2002 000 0 eng u | ||
| 022 | _a1354-506X | ||
| 035 | _a(Sirsi) u122817 | ||
| 041 | _aeng | ||
| 050 |
_a333.332 _c18 |
||
| 100 | _aLeishman, Chris | ||
| 245 | 4 | _aThe estimation of houseprice indices based on repeat sales regression using land registry data | |
| 260 |
_aLondon _bRICS Foundation _c2002 |
||
| 490 |
_aRICS Foundation Research Papers _v4(13) |
||
| 520 | _aArgues that if we are to have useful information on the performance of a housing market or markets then we require indicators that are not distorted by the differential performance of sub-sectors and sub-locations within the market. This requires that we construct a system of local house price indices. | ||
| 520 | _aRICS members may also view the research via the public access terminals in the RICS Library - please ask Library Staff for details. | ||
| 650 | _aHOUSE PRICE INDICES | ||
| 650 | _aRESIDENTIAL PROPERTY MARKET | ||
| 650 | _aHOUSING-MARKET | ||
| 700 | _aWatkins, Craig | ||
| 700 | _aFraser, Will | ||
| 942 | _n0 | ||
| 999 |
_c102940 _d102940 |
||